LAWYERS REFERENCE MATERIALS (Record no. 198330)
[ view plain ]
| 000 -LEADER | |
|---|---|
| fixed length control field | 00242nam a2200097Ia 4500 |
| 050 ## - LIBRARY OF CONGRESS CALL NUMBER | |
| Classification number | REF K3230.K58.C.3 |
| 100 ## - MAIN ENTRY--PERSONAL NAME | |
| Personal name | KITUO CHA SHERIA |
| 245 #0 - TITLE STATEMENT | |
| Title | LAWYERS REFERENCE MATERIALS |
| 942 ## - ADDED ENTRY ELEMENTS (KOHA) | |
| Koha item type | Long Loan Book |
| Withdrawn status | Lost status | Source of classification or shelving scheme | Damaged status | Not for loan | Collection | Home library | Current library | Shelving location | Date acquired | Inventory number | Total checkouts | Full call number | Barcode | Date last seen | Copy number | Price effective from | Koha item type |
|---|---|---|---|---|---|---|---|---|---|---|---|---|---|---|---|---|---|
| Library of Congress Classification | Reference | Kisii University Library | Kisii University Library | On Display | 09/15/2023 | 60994 | REF. K 3230 .K58 2009 | 018567 | 09/15/2023 | C. 3 | 09/15/2023 | Long Loan Book | |||||
| Library of Congress Classification | Reference | Kisii University Library | Kisii University Library | On Display | 11/28/2024 | 60993 | REF. K 3230 .K58 2009 | 018568 | 11/28/2024 | C. 2 | 11/28/2024 | Long Loan Book | |||||
| Library of Congress Classification | Reference | Kisii University Library | Kisii University Library | On Display | 11/28/2024 | 60992 | REF. K 3230 .K58 2009 | 018569 | 11/28/2024 | C. 1 | 11/28/2024 | Long Loan Book |